000 00239nmm a2200085Ia 4500
008 220120s9999||||xx |||||||||||||||||und||
100 _aDigit
245 0 _a1 linux distro, 4 amazing linux games, 35 plus extra package
260 _aNine dot Nine
999 _c139931
_d139931